V Spišskonovoveskej ZOO tento rok takmer stotisíc návštevníkov

Bibliographic Details
Main Author: Dubivská, Daniela, 1966- (Author)
Format: Article
Language:Slovak
PhysicalDescription:Fotogr.
ISSN:1335-759X
Subjects:

MARC

LEADER 00000nab a2200000 ar4500
001 vtls008426766
003 SK-MaSNL
005 20260303065941.0
008 060127c20041125xo mr|p|||||||000 b|slo
038 |a SNSK 
040 |b slo  |c SNSK  |e AACR2 
041 0 |a slo 
044 |a xo  |c SK 
080 |a 791.82  |2 UDC-MRF-SK2 
080 |a 712.2  |2 UDC-MRF-SK2 
100 1 |a Dubivská, Daniela,  |d 1966-  |4 aut  |9 155615 
245 1 0 |a V Spišskonovoveskej ZOO tento rok takmer stotisíc návštevníkov  |c Daniela Dubivská 
300 |b Fotogr. 
610 2 7 |a Zoologická záhrada (Spišská Nová Ves, Slovensko)  |2 snsk  |9 31761 
650 0 7 |a návštevnosť  |2 snsk  |9 508914 
651 7 |a Spišská Nová Ves (Slovensko)  |2 snsk  |9 28800 
773 0 |t Spišský denník Korzár  |g Roč. VI., č. 272 (25.11.2004), s. 2.  |x 1335-759X 
852 |a SNSK  |b KIS3GCP 
999 |c 1753386  |d 1755316